000 00370nam a2200169Ia 4500
003 LK-CoDNM
008 010623t xxu||||| |||| 00| 1 sin d
040 _aLK-CoDNM
_dLK-CoDNM
_eLK-CoDNM
041 _asin
080 _a78SIN
245 _aආදර කෑලි
246 _aAdara keeli
300 _b18, 25 cm
650 _aMusic
650 _aSongs
942 _cBK
999 _c137367
_d137367